Galéria významných osobností ; Theo H. Florin

Bibliographic Details
Format: Article
Language:Slovak
PhysicalDescription:Fot. 1.
Subjects:

MARC

LEADER 00000nab a2200000 a 4500
001 vtls000322466
003 SK-MaSNL
005 20260304220118.0
008 160215c1988 xo 0 slo
015 |a SNBRB19rr/mm-uuuuu 
035 |a CL0322588 
040 |a SNKBUCL  |b slo  |c SNKBUCL  |e AACR2 
041 0 |a slo 
044 |a xo  |c SK 
080 |a 82:929:885.4  |2 1981 
080 |a 929  |2 1981 
080 |a 885.4  |2 1981 
080 |a 929 Florin, Theo H.  |2 1981 
245 0 0 |a Galéria významných osobností ; Theo H. Florin 
300 |b Fot. 1. 
600 1 7 |a Florin, Theo H.,  |d 1908-1973  |2 snkbucl  |9 119416 
655 7 |a články z novín a časopisov  |2 snkbucl  |9 267496 
655 7 |a články z odboru literárna veda a krásna literatúra  |2 snkbucl  |9 770045 
773 0 |t Osvetová práca  |g Roč. 37, č. 7 (1988), s. 48 
850 |a Slovenská národná knižnica v Martine  |a MTA001 
852 |a SNK  |b KIS3GCP 
958 |a BX 
958 |a RK 
958 |a LX 
992 |a RBX 
999 |c 3150021  |d 3151951